I. P. Pavlov: su vida y su obra científica

Guardat en:
Dades bibliogràfiques
Autor principal: Asratian, E. A (Autor)
Format: Llibre
Idioma:espanyol
Publicat: Buenos Aires Quetzal 1960
Col·lecció:Técnica-Científica
Matèries:
Etiquetes: Afegir etiqueta
Sense etiquetes, Sigues el primer a etiquetar aquest registre!

MARC

LEADER 00000nam a2200000 a 4500
001 UCH1519
003 CL-VaPUC
005 20230327134723.0
008 090430e19600000AG |||||||||||||||||spa|d
999 |c 333530  |d 333528 
040 |c Pontificia Universidad Católica de Valparaíso 
082 0 4 |a 925.2  |b ASR  |2 21 
100 0 |a Asratian, E. A  |e author  |9 536003 
245 1 0 |a I. P. Pavlov: su vida y su obra científica 
260 |a Buenos Aires  |b Quetzal  |c 1960 
300 |a 165 p 
490 0 |a Técnica-Científica 
583 |a last modification  |c 20090430 00:00:00  |k Rodrigo Vera 
600 0 |a Pávlov, Iván Petrovic   |d 1849-1936  |x Biografías  |9 591864 
650 7 |a MATERIALISMO DIALECTICO  |2 CL-VaPUC  |9 315449 
650 0 |a Científicos   |9 262025 
942 |c BK  |2 ddc 
945 |d 20090430 00:00:00  |a rbrito 
952 |0 0  |1 0  |4 0  |6 925_200000000000000_ASR_1960  |7 0  |8 P  |9 421987  |a BIBEDU  |b BIBEDU  |d 2019-11-22  |i 4544382  |o 925.2 ASR 1960  |p 4544382  |r 2019-11-22  |w 2019-11-22  |y BK  |k EDU